<?xml version="1.0" encoding="UTF-8"?>
<record
    xmlns:xsi="http://www.w3.org/2001/XMLSchema-instance"
    xsi:schemaLocation="http://www.loc.gov/MARC21/slim http://www.loc.gov/standards/marcxml/schema/MARC21slim.xsd"
    xmlns="http://www.loc.gov/MARC21/slim">

  <leader>02294    a2200265   4500</leader>
  <controlfield tag="001">2162214035926813</controlfield>
  <controlfield tag="003">UA-OsUOA</controlfield>
  <controlfield tag="005">20260514130645.0</controlfield>
  <controlfield tag="008">260514b        un c|||| |||| 00| pdukr d</controlfield>
  <datafield tag="040" ind1=" " ind2=" ">
    <subfield code="a">UA-OsUOA</subfield>
    <subfield code="b">ukr</subfield>
    <subfield code="c">UA-OsUOA</subfield>
    <subfield code="d">UA-OsUOA</subfield>
  </datafield>
  <datafield tag="041" ind1=" " ind2=" ">
    <subfield code="a">ukr</subfield>
  </datafield>
  <datafield tag="080" ind1=" " ind2=" ">
    <subfield code="a">821.161.2(83)</subfield>
  </datafield>
  <datafield tag="090" ind1=" " ind2=" ">
    <subfield code="a">821.161.2(83)</subfield>
    <subfield code="b">&#x41C;65</subfield>
  </datafield>
  <datafield tag="100" ind1=" " ind2=" ">
    <subfield code="a">&#x41C;&#x456;&#x441;&#x442;&#x440;&#x430;&#x43B;&#x44C; &#x413;.</subfield>
    <subfield code="9">25241</subfield>
  </datafield>
  <datafield tag="245" ind1=" " ind2=" ">
    <subfield code="a">&#x41F;&#x43E;&#x435;&#x437;&#x456;&#x457;</subfield>
    <subfield code="c">&#x443;&#x43F;&#x43E;&#x440;&#x44F;&#x434;. &#x43F;&#x435;&#x440;&#x435;&#x434;. &#x41C;. &#x41B;&#x438;&#x442;&#x432;&#x438;&#x43D;&#x446;&#x44F;</subfield>
  </datafield>
  <datafield tag="260" ind1=" " ind2=" ">
    <subfield code="b">&#x414;&#x43D;&#x456;&#x43F;&#x440;&#x43E;</subfield>
    <subfield code="c">1984</subfield>
    <subfield code="a">&#x41A;&#x438;&#x457;&#x432;</subfield>
  </datafield>
  <datafield tag="300" ind1=" " ind2=" ">
    <subfield code="a">142 &#x441;.</subfield>
  </datafield>
  <datafield tag="490" ind1=" " ind2=" ">
    <subfield code="a">&#x41F;&#x435;&#x440;&#x43B;&#x438;&#x43D;&#x438; &#x441;&#x432;&#x456;&#x442;&#x43E;&#x432;&#x43E;&#x457; &#x43B;&#x456;&#x440;&#x438;&#x43A;&#x438;</subfield>
  </datafield>
  <datafield tag="520" ind1=" " ind2=" ">
    <subfield code="a">&#x417;&#x431;&#x456;&#x440;&#x43A;&#x430; &#x43F;&#x440;&#x435;&#x434;&#x441;&#x442;&#x430;&#x432;&#x43B;&#x44F;&#x454; &#x443;&#x43A;&#x440;&#x430;&#x457;&#x43D;&#x441;&#x44C;&#x43A;&#x43E;&#x43C;&#x443; &#x447;&#x438;&#x442;&#x430;&#x447;&#x435;&#x432;&#x456; &#x441;&#x430;&#x43C;&#x43E;&#x431;&#x443;&#x442;&#x43D;&#x44E; &#x442;&#x432;&#x43E;&#x440;&#x447;&#x456;&#x441;&#x442;&#x44C; &#x490;&#x430;&#x431;&#x440;&#x456;&#x435;&#x43B;&#x438; &#x41C;&#x456;&#x441;&#x442;&#x440;&#x430;&#x43B;&#x44C; (1889&#x2013;1957) &#x2014; &#x432;&#x438;&#x434;&#x430;&#x442;&#x43D;&#x43E;&#x457; &#x447;&#x438;&#x43B;&#x456;&#x439;&#x441;&#x44C;&#x43A;&#x43E;&#x457; &#x43F;&#x43E;&#x435;&#x442;&#x435;&#x441;&#x438;, &#x43C;&#x438;&#x441;&#x43B;&#x438;&#x442;&#x435;&#x43B;&#x44C;&#x43A;&#x438;, &#x43F;&#x435;&#x434;&#x430;&#x433;&#x43E;&#x433;&#x430; &#x442;&#x430; &#x43F;&#x435;&#x440;&#x448;&#x43E;&#x457; &#x441;&#x435;&#x440;&#x435;&#x434; &#x43B;&#x430;&#x442;&#x438;&#x43D;&#x43E;&#x430;&#x43C;&#x435;&#x440;&#x438;&#x43A;&#x430;&#x43D;&#x441;&#x44C;&#x43A;&#x438;&#x445; &#x43F;&#x438;&#x441;&#x44C;&#x43C;&#x435;&#x43D;&#x43D;&#x438;&#x43A;&#x456;&#x432; &#x43B;&#x430;&#x443;&#x440;&#x435;&#x430;&#x442;&#x43A;&#x438; &#x41D;&#x43E;&#x431;&#x435;&#x43B;&#x456;&#x432;&#x441;&#x44C;&#x43A;&#x43E;&#x457; &#x43F;&#x440;&#x435;&#x43C;&#x456;&#x457; &#x437; &#x43B;&#x456;&#x442;&#x435;&#x440;&#x430;&#x442;&#x443;&#x440;&#x438; (1945). &#x414;&#x43E; &#x43A;&#x43D;&#x438;&#x433;&#x438; &#x443;&#x432;&#x456;&#x439;&#x448;&#x43B;&#x438; &#x457;&#x457; &#x43D;&#x430;&#x439;&#x43A;&#x440;&#x430;&#x449;&#x456; &#x43B;&#x456;&#x440;&#x438;&#x447;&#x43D;&#x456; &#x442;&#x432;&#x43E;&#x440;&#x438; &#x437; &#x43A;&#x43B;&#x44E;&#x447;&#x43E;&#x432;&#x438;&#x445; &#x437;&#x431;&#x456;&#x440;&#x43E;&#x43A;, &#x442;&#x430;&#x43A;&#x438;&#x445; &#x44F;&#x43A; &#xAB;&#x412;&#x456;&#x434;&#x447;&#x430;&#x439;&#xBB;, &#xAB;&#x422;&#x430;&#x43B;&#x430;&#xBB; &#x442;&#x430; &#xAB;&#x411;&#x43E;&#x440;&#x43E;&#x437;&#x43D;&#x430;&#xBB;. &#x41F;&#x43E;&#x435;&#x437;&#x456;&#x44F; &#x41C;&#x456;&#x441;&#x442;&#x440;&#x430;&#x43B;&#x44C; &#x433;&#x43B;&#x438;&#x431;&#x43E;&#x43A;&#x43E; &#x435;&#x43C;&#x43E;&#x446;&#x456;&#x439;&#x43D;&#x430;, &#x434;&#x440;&#x430;&#x43C;&#x430;&#x442;&#x438;&#x447;&#x43D;&#x430; &#x439; &#x449;&#x438;&#x440;&#x430;. &#x412;&#x43E;&#x43D;&#x430; &#x43F;&#x440;&#x43E;&#x441;&#x44F;&#x43A;&#x43D;&#x443;&#x442;&#x430; &#x442;&#x435;&#x43C;&#x430;&#x43C;&#x438; &#x442;&#x440;&#x430;&#x433;&#x456;&#x447;&#x43D;&#x43E;&#x433;&#x43E; &#x43A;&#x43E;&#x445;&#x430;&#x43D;&#x43D;&#x44F;, &#x43C;&#x430;&#x442;&#x435;&#x440;&#x438;&#x43D;&#x441;&#x442;&#x432;&#x430;, &#x437;&#x430;&#x445;&#x438;&#x441;&#x442;&#x443; &#x437;&#x43D;&#x435;&#x434;&#x43E;&#x43B;&#x435;&#x43D;&#x438;&#x445;, &#x441;&#x43A;&#x43E;&#x440;&#x431;&#x43E;&#x442;&#x438; &#x437;&#x430; &#x432;&#x442;&#x440;&#x430;&#x447;&#x435;&#x43D;&#x438;&#x43C; &#x442;&#x430; &#x440;&#x435;&#x43B;&#x456;&#x433;&#x456;&#x439;&#x43D;&#x43E;-&#x444;&#x456;&#x43B;&#x43E;&#x441;&#x43E;&#x444;&#x441;&#x44C;&#x43A;&#x438;&#x445; &#x440;&#x43E;&#x437;&#x434;&#x443;&#x43C;&#x456;&#x432;, &#x449;&#x43E; &#x43F;&#x435;&#x440;&#x435;&#x43F;&#x43B;&#x456;&#x442;&#x430;&#x44E;&#x442;&#x44C;&#x441;&#x44F; &#x437; &#x43D;&#x435;&#x43F;&#x43E;&#x432;&#x442;&#x43E;&#x440;&#x43D;&#x438;&#x43C; &#x43A;&#x43E;&#x43B;&#x43E;&#x440;&#x438;&#x442;&#x43E;&#x43C; &#x43B;&#x430;&#x442;&#x438;&#x43D;&#x43E;&#x430;&#x43C;&#x435;&#x440;&#x438;&#x43A;&#x430;&#x43D;&#x441;&#x44C;&#x43A;&#x43E;&#x457; &#x43F;&#x440;&#x438;&#x440;&#x43E;&#x434;&#x438;.
&#x423;&#x43F;&#x43E;&#x440;&#x44F;&#x434;&#x43A;&#x443;&#x432;&#x430;&#x43D;&#x43D;&#x44F; &#x43A;&#x43D;&#x438;&#x433;&#x438; &#x442;&#x430; &#x491;&#x440;&#x443;&#x43D;&#x442;&#x43E;&#x432;&#x43D;&#x443; &#x43F;&#x435;&#x440;&#x435;&#x434;&#x43C;&#x43E;&#x432;&#x443; &#x437;&#x434;&#x456;&#x439;&#x441;&#x43D;&#x438;&#x432; &#x432;&#x456;&#x434;&#x43E;&#x43C;&#x438;&#x439; &#x443;&#x43A;&#x440;&#x430;&#x457;&#x43D;&#x441;&#x44C;&#x43A;&#x438;&#x439; &#x43F;&#x435;&#x440;&#x435;&#x43A;&#x43B;&#x430;&#x434;&#x430;&#x447; &#x442;&#x430; &#x43F;&#x43E;&#x435;&#x442; &#x41C;&#x438;&#x445;&#x430;&#x439;&#x43B;&#x43E; &#x41B;&#x438;&#x442;&#x432;&#x438;&#x43D;&#x435;&#x446;&#x44C;. &#x422;&#x432;&#x43E;&#x440;&#x438; &#x43F;&#x43E;&#x434;&#x430;&#x43D;&#x43E; &#x443; &#x43F;&#x435;&#x440;&#x435;&#x43A;&#x43B;&#x430;&#x434;&#x430;&#x445; &#x43F;&#x440;&#x43E;&#x432;&#x456;&#x434;&#x43D;&#x438;&#x445; &#x443;&#x43A;&#x440;&#x430;&#x457;&#x43D;&#x441;&#x44C;&#x43A;&#x438;&#x445; &#x43C;&#x430;&#x439;&#x441;&#x442;&#x440;&#x456;&#x432; &#x441;&#x43B;&#x43E;&#x432;&#x430;. </subfield>
  </datafield>
  <datafield tag="650" ind1=" " ind2=" ">
    <subfield code="a">82 &#x41B;&#x456;&#x442;&#x435;&#x440;&#x430;&#x442;&#x443;&#x440;&#x430;. &#x41B;&#x456;&#x442;&#x435;&#x440;&#x430;&#x442;&#x443;&#x440;&#x43E;&#x437;&#x43D;&#x430;&#x432;&#x441;&#x442;&#x432;&#x43E;</subfield>
    <subfield code="9">15</subfield>
  </datafield>
  <datafield tag="700" ind1="1" ind2=" ">
    <subfield code="a">&#x41B;&#x438;&#x442;&#x432;&#x438;&#x43D;&#x435;&#x446;&#x44C; &#x41C;.</subfield>
    <subfield code="9">25242</subfield>
  </datafield>
  <datafield tag="942" ind1=" " ind2=" ">
    <subfield code="c">BK</subfield>
    <subfield code="2">udc</subfield>
  </datafield>
  <datafield tag="955" ind1=" " ind2=" ">
    <subfield code="a">3</subfield>
  </datafield>
  <datafield tag="999" ind1=" " ind2=" ">
    <subfield code="c">580703</subfield>
    <subfield code="d">580703</subfield>
  </datafield>
  <datafield tag="952" ind1=" " ind2=" ">
    <subfield code="0">0</subfield>
    <subfield code="1">0</subfield>
    <subfield code="2">udc</subfield>
    <subfield code="4">0</subfield>
    <subfield code="7">0</subfield>
    <subfield code="8">C_Shevchuk_V.</subfield>
    <subfield code="a">101</subfield>
    <subfield code="b">101</subfield>
    <subfield code="d">2026-05-14</subfield>
    <subfield code="e">&#x410;&#x43A;&#x442; &#x2116;24/28.04.2026</subfield>
    <subfield code="g">15.00</subfield>
    <subfield code="i">169937</subfield>
    <subfield code="l">0</subfield>
    <subfield code="o">821.161.2(83) &#x41C;65</subfield>
    <subfield code="p">169937</subfield>
    <subfield code="r">2026-05-14 13:09:15</subfield>
    <subfield code="v">15.00</subfield>
    <subfield code="w">2026-05-14</subfield>
    <subfield code="y">BK</subfield>
  </datafield>
</record>
